000 00476pam a2200157a 44500
008 230515b2003 xxu||||| |||| 00| 0 eng d
020 _aNULL
041 _aENG
082 _aN.D.
100 _aMr Jimmy Mr Natwarlal Ms Manju
245 _aA study to assess the dietary habits and its relationship to dietary problems in the antenatal periocl of selected pregnaant womanurban community
250 _a0
260 _aNULL
_b", , "
_c2003
300 _aNULL
650 _aNULL
999 _c523341
_d523341